000 00310nam a2200121Ia 4500
008 191201s2012 xx 000 0 und d
100 _aRANI, Madhu
245 0 _aLiterature in English 1550-1660 MA(P) English
260 _aN. Delhi
_bVikas Pub
_c2012
300 _a286
650 _aGeneral Books
942 _2ddc
_cBK
999 _c289
_d289